| 000 | 00591nam a22001697a 4500 | ||
|---|---|---|---|
| 999 |
_c1381 _d1381 |
||
| 008 | 200123b ||||| |||| 00| 0 eng d | ||
| 041 | 0 | _aeng | |
| 082 | 0 | 0 |
_a623.8703 _bK393 |
| 100 |
_9985 _aKerchove, Rene de. |
||
| 245 | 1 | 0 |
_aInternational maritime dictionary : An encyclopedic dictionary of useful maritime terms and phrases, together with equivalents in French and German / _cby Rene de Kerchove |
| 250 | _a2nd ed. | ||
| 260 |
_aNew York : _bVan Nostrand Reinhold Company, _cc1961. |
||
| 300 | _avii, 1018 p. | ||
| 365 | _d56.04 | ||
| 650 | 0 | _aMarine Engineering Dictionary | |
| 942 | _cBK | ||